Statistiques concernant Drapeaux de Territoires / iles #2

Cliquez ici pour prendre le quiz!

Statistiques générales

  • Ce quiz a été pris 18 fois
  • Le résultat moyen est 3 sur 16

Statistiques - réponses

Réponse% Correct
Zanzibar
64%
Åland
57%
Chypre du Nord
57%
Terres Australes et Antarctiques Françaises
43%
Tibet
36%
Saint Barthélemy
21%
Basse Saxe
7%
Karakalpakstan
7%
Bangsamoro
0%
Gagaouzie
0%
Hiiumaa
0%
Iles Marquises
0%
Nenetsie
0%
Nouvelle Bretagne Orientale
0%
Préfecture d'Ehime
0%
Vénetie
0%

Distribution des résultats

Percentile par nombre de réponses

% des personnes avec chaque résultat

Votre développement - résultats

Vous n’avez pas pris ce quiz